| 000 | 00762nam a2200217 a 4500 | ||
|---|---|---|---|
| 001 | BRCA_2083 | ||
| 005 | 20190320203648.0 | ||
| 008 | 080808s1989----mx-a---###---#000-0#spa-# | ||
| 050 | 4 |
_aF1391.P8 _b.L43 9 _c1989 |
|
| 100 | 1 |
_aSaldívar, Gabriel _96327 |
|
| 245 | 1 | 0 |
_aEl jarabe _bbaile popular mexicano _cGabriel Saldívar. |
| 250 | _a2 | ||
| 260 |
_aPuebla, México _bGobierno del Estado de Puebla : Secretaría de Cultura : Comisión Puebla V Centenario _c1989 |
||
| 300 |
_a31 p. _bil. _c21 cm. |
||
| 440 | 0 |
_aLecturas Históricas de Puebla _n9 _96328 |
|
| 651 | 4 |
_aPuebla (México) _xHistoria _9409 |
|
| 651 | 4 |
_aPuebla (México) _xVida social y costumbres _9408 |
|
| 651 | 4 |
_aPuebla (México) _xBaile popular _96329 |
|
| 653 | 0 | _aVida cotidiana | |
| 942 |
_2lcc _cB |
||
| 999 |
_c1840 _d1840 |
||